| 000 | 00437cam a2200181ua 4500 | ||
|---|---|---|---|
| 020 | _c10.00 | ||
| 041 |
_aeng _h |
||
| 082 |
_a547 _bVID/PR |
||
| 100 | _aVidya, Joshi . | ||
| 245 |
_aProblems in inorganic chemistry / _cVidya Joshi. _hTextual Documents |
||
| 250 |
_a1 / _b. |
||
| 260 |
_aBombay : _bPopular Book Depot , _c1962. |
||
| 300 | _a319 ; . | ||
| 365 | _a10.00 | ||
| 504 | _a | ||
| 942 | _cBK | ||
| 999 |
_c7538 _d7538 |
||